| 000 | 00765cab a2200241 4500 | ||
|---|---|---|---|
| 001 | ABS56659 | ||
| 008 | 090401t1997 xxu||||| |||| 00| 0 eng d | ||
| 035 | _a(Sirsi) u77261 | ||
| 041 | _aeng | ||
| 100 | _aKing, V. | ||
| 245 | _aWinning ways with mediation | ||
| 260 | _c1997 | ||
| 350 | _a0 | ||
| 490 |
_aEstates Gazette _v(9710) 8 March 1997, 140-141(2) |
||
| 520 | _aExplains the principles of Alternative Dispute Resolution and why it is better to mediate than litigate. | ||
| 650 | _aALTERNATIVE DISPUTE RESOLUTION | ||
| 650 | _aLITIGATION | ||
| 650 | _aMEDIATION | ||
| 690 | _aMANAGEMENT-DISPUTE AVOIDANCE, MANAGEMENT AND RESOLUTION-DISPUTE MANAGEMENT AND RESOLUTION-ARBITRATION | ||
| 700 | _aShapiro, D. | ||
| 942 | _n0 | ||
| 948 | _c21/03/1997 | ||
| 999 |
_c48575 _d48575 |
||